ដំណើរផ្សងព្រេងរបស់ ម៉ៅឃ្លី / (Record no. 1631)
[ view plain ]
| 000 -LEADER | |
|---|---|
| fixed length control field | 02330nam a22003137a 4500 |
| 001 - CONTROL NUMBER | |
| control field | 1631 |
| 003 - CONTROL NUMBER IDENTIFIER | |
| control field | FISKH |
| 005 - DATE AND TIME OF LATEST TRANSACTION | |
| control field | 20230912094903.0 |
| 008 - FIXED-LENGTH DATA ELEMENTS--GENERAL INFORMATION | |
| fixed length control field | 230912b cb ||||| |||| 00| 0 khr d |
| 020 ## - INTERNATIONAL STANDARD BOOK NUMBER | |
| International Standard Book Number | 9789924340850 |
| 040 ## - CATALOGING SOURCE | |
| Original cataloging agency | FISKH |
| Language of cataloging | eng |
| Transcribing agency | FISKH |
| Modifying agency | FISKH |
| 082 ## - DEWEY DECIMAL CLASSIFICATION NUMBER | |
| Classification number | 823.087 |
| 100 ## - MAIN ENTRY--PERSONAL NAME | |
| Personal name | Kipling, Rudyard |
| 245 ## - TITLE STATEMENT | |
| Title | ដំណើរផ្សងព្រេងរបស់ ម៉ៅឃ្លី / |
| Statement of responsibility, etc. | បកប្រែពីភាសាអង់គ្លេសដោយ ប៊ុត សុផល និង អ៊ូច សូដានី - រូបភាពដោយ សេង វិសុទ្ធ |
| 260 ## - PUBLICATION, DISTRIBUTION, ETC. | |
| Place of publication, distribution, etc. | Phnom Penh : |
| Name of publisher, distributor, etc. | Sipar, |
| Date of publication, distribution, etc. | 2019. |
| 300 ## - PHYSICAL DESCRIPTION | |
| Extent | 122 pages : |
| Other physical details | illustrations ; |
| Dimensions | 19 cm |
| 490 ## - SERIES STATEMENT | |
| Series statement | អក្សរសិល្ប៍យុវវ័យ |
| 505 ## - FORMATTED CONTENTS NOTE | |
| Formatted contents note | Z'<br/> |
| 520 ## - SUMMARY, ETC. | |
| Summary, etc. | កូនក្មេងម្នាក់ត្រូវបានគ្រួសារចចករើសយកទៅចញ្ចឹម ហើយទទួលបានការអប់រំពិចចក និងសត្វផ្សេងៗទៀតនៅក្នុងព្រៃដោយប្រើប្រាស់ច្បាប់ព្រៃជាគោល។ ច្បាប់ព្រៃត្រូវបានបង្កើតឡើងដោយសត្វដែលចាត់ទុកមនុស្សជាប្រភេទទន់ខ្សោយបំផុត និងគ្មានអ្វីការពារខ្លួនទេ។ ថ្ងៃមួយសត្វព្រៃបានយកម៉ៅឃ្លីទៅសងអ្នកភូមិវិញ។ |
| 520 ## - SUMMARY, ETC. | |
| Summary, etc. | A young child is adopted by a wolf family and educated by wolves and other animals in the wild, using wildlife rules as a basis. Wild laws are made by animals that consider humans to be the most vulnerable species and have nothing to defend themselves. One day, the wild animals took Mao Kly back to the villagers. |
| 521 8# - TARGET AUDIENCE NOTE | |
| Target audience note | 920<br/> |
| Source | Lexile estimate<br/> |
| 521 8# - TARGET AUDIENCE NOTE | |
| Target audience note | Z'<br/> |
| Source | Raz-Plus<br/> |
| 650 ## - SUBJECT ADDED ENTRY--TOPICAL TERM | |
| Topical term or geographic name entry element | សត្វព្រៃ |
| Form subdivision | ចញ្ចឹម |
| General subdivision | ទន់ខ្សោយ |
| Chronological subdivision | សង |
| 650 ## - SUBJECT ADDED ENTRY--TOPICAL TERM | |
| Topical term or geographic name entry element | Wild animal |
| Form subdivision | Adopt |
| General subdivision | Vulnerable |
| Chronological subdivision | Return |
| 700 ## - ADDED ENTRY--PERSONAL NAME | |
| Personal name | Sophal, Bot |
| Relator term | Translator |
| 700 ## - ADDED ENTRY--PERSONAL NAME | |
| Personal name | Sodany, Ouch |
| Relator term | Translator |
| 700 ## - ADDED ENTRY--PERSONAL NAME | |
| Personal name | Visoth, Seng |
| Relator term | illustrator |
| 942 ## - ADDED ENTRY ELEMENTS (KOHA) | |
| Source of classification or shelving scheme | Dewey Decimal Classification |
| Koha item type | Khmer Books |
| Suppress in OPAC | No |
| Withdrawn status | Lost status | Source of classification or shelving scheme | Damaged status | Not for loan | Collection | Home library | Current library | Shelving location | Date acquired | Total Checkouts | Full call number | Barcode | Date last seen | Copy number | Price effective from | Koha item type |
|---|---|---|---|---|---|---|---|---|---|---|---|---|---|---|---|---|
| Dewey Decimal Classification | Khmer Language Books / សៀវភៅភាសាខ្មែរ | Footprints International School Library Network Toul Kork Campus | Footprints International School Library Network Toul Kork Campus | TK Campus, Room B402, Khmer Book Case 16, Shelves 112-123 / ទូរសៀវភៅខ្មែរលេខ ១៦ ធ្នើរ ១១២ ដល់ ១២៣ បន្ទប់ B402 សាខាទួលគោក | 09/12/2023 | KIP 823.087 | 2023-0577 | 09/12/2023 | 1 | 09/12/2023 | Khmer Books | |||||
| Dewey Decimal Classification | Khmer Language Books / សៀវភៅភាសាខ្មែរ | Footprints International School Library Network Toul Kork Campus | Footprints International School Library Network Toul Kork Campus | TK Campus, Room B402, Khmer Book Case 16, Shelves 112-123 / ទូរសៀវភៅខ្មែរលេខ ១៦ ធ្នើរ ១១២ ដល់ ១២៣ បន្ទប់ B402 សាខាទួលគោក | 09/12/2023 | KIP 823.087 | 2023-0578 | 09/12/2023 | 2 | 09/12/2023 | Khmer Books |
